000 00700nam a22002657a 4500
001 57545
003 UA-OsUOA
005 20211123124041.0
007 ta
008 20081225b un ||||| |||| 00| 0 ukr d
020 _a5358000623
040 _aUA-OsUOA
_brus
_cUA-OsUOA
_dUA-OsUOA
041 _arus
080 _a821.161.1
090 _a821.161.1
_bД70
100 _aДостоевский Ф. М.
245 _aБратья Карамазовы
260 _aМ.
_bДрофа
_c2006
300 _a541 с.
505 _gТ. 2
650 7 _a821 Художня література
_2UDC
942 _cBK
_2udc
955 _a3
999 _c343611
_d343611